Colores del arcoiris - Estadísticas

Estadísticas generales
  • Esta prueba ha sido intentada 67 veces
  • La puntuación promedio es 3 de 7
Respuestas en el mapa
Las respuestas están codificadas por una escala verde-roja en el mapa de la prueba según el % correcto abajo.
 
Estadísticas de respuestas
Color % Correcto
rojo
100%
naranja
75%
Amarillo
57%
verde
43%
azul
39%
indigo
11%
violeta
11%
No se encontraron pruebas coincidentes
Distribución de puntuación
Porcentaje de gente con cada puntuación
Porcentaje por número respondido
Historial de tus puntuaciones
No has intentado esta prueba.